[Event "Hessen-ch U12"]
[Site "Bad Homburg"]
[Date "2012.??.??"]
[Round "7"]
[White "Esche, Luca"]
[Black "Rudolph, Sebastian"]
[Result "0-1"]
[WhiteElo "757"]
[BlackElo "895"]
[PlyCount "53"]
[EventDate "2012.04.??"]
[EventType "swiss"]
[EventRounds "9"]
[EventCountry "GER"]
[SourceTitle "EXT 2015"]
[Source "ChessBase"]
[SourceDate "2014.11.20"]
[SourceVersion "1"]
[SourceVersionDate "2014.11.20"]
[SourceQuality "1"]

1. e4 e5 2. Bc4 Nf6 3. Nf3 Nc6 4. Ng5 d5 5. exd5 Nxd5 6. Qf3 Qxg5 7. Bxd5 Qg6 8. g4 Bd6 9. h4 0-0 10. h5 Qxc2 11. Na3 Qc5 12. g5 Nb4 13. g6 Qxd5 14. Rh3 Bxh3 15. Qxh3 h6 16. d4 exd4 17. Qg4 Nd3+ 18. Kd2 Nxc1 19. Rxc1 Qg5+ 20. Qxg5 hxg5 21. gxf7+ Rxf7 22. Nb5 Bf4+ 23. Kd1 Bxc1 24. Kxc1 Rd8 25. a4 a6 26. Na3 Rxf2 27. Nc4 0-1

[Event "Hessen-ch U12"]
[Site "Bad Homburg"]
[Date "2012.??.??"]
[Round "8"]
[White "Esche, Luca"]
[Black "Stankoski, Aleksandr"]
[Result "0-1"]
[WhiteElo "757"]
[BlackElo "789"]
[PlyCount "36"]
[EventDate "2012.04.??"]
[EventType "swiss"]
[EventRounds "9"]
[EventCountry "GER"]
[SourceTitle "EXT 2015"]
[Source "ChessBase"]
[SourceDate "2014.11.20"]
[SourceVersion "1"]
[SourceVersionDate "2014.11.20"]
[SourceQuality "1"]

1. e4 e5 2. Nf3 Nc6 3. Bc4 Bc5 4. d3 Nf6 5. Ng5 0-0 6. Qf3 d6 7. h3 Nd4 8. Qg3 Nxc2+ 9. Kd2 Nxa1 10. f4 exf4 11. Qxf4 d5 12. Qe5 Bb4+ 13. Kd1 dxc4 14. Bd2 Qxd3 15. Qf4 Qxb1+ 16. Ke2 Qxh1 17. Bxb4 Qxg2+ 18. Ke3 Nc2# 0-1